• 首页
  • 本馆介绍
  • 公告通知
  • 最新文献
  • 馆藏检索
  • 电子资源
  • 读者导购
  • 参考咨询
  • 我的图书馆
  • 登录
  • 详细信息显示
  • 放入我的书架
  • 预约/预借图书
  • 作者相关作品
  • 分类相关作品
  • 丛书相关作品
  • 出版社相关作品

书目信息

  • 表格格式
  • 工作单格式
  • 卡片格式
题名:
落实落实再落实
    
 
作者: 路大虎 著
分册:  
出版信息: 北京   东方出版社  2019.08
页数: 182页
开本: 24cm
丛书名:
单 册:
中图分类: D262.3
科图分类:
主题词:
电子资源:
ISBN: 978-7-5207-1117-3
000 01170nam0 2200265 450
001 CAL 0120192846977
005 20230217093111.0
010    @a978-7-5207-1117-3@dCNY45.00
100    @a20190903d2019 em y0chiy0120 ea
101 0  @achi
102    @aCN@b110000
105    @aa a 000yy
106    @ar
200 1  @a落实落实再落实@Aluo shi luo shi zai luo shi@e抓好落实的八大铁律@f路大虎著
210    @a北京@c东方出版社@d2019.08
215    @a182页@c图@d24cm
314    @a路大虎, 专注于未来趋势、战略与领导力研究, 著有《实干精神》等。
320    @a有书目
330    @a本书针对党政机关的工作实际, 分别讲解增强落实本领的“四大基本认识”, 深挖落实不力的“六宗罪”, 总结狠抓落实的“八大铁律”, 旨在帮助广大党员干部在源头上找问题, 在实践中找突破, 在作风上求转变, 杜绝“伪落实”“选择性落实”“花拳绣腿式落实”, 以抓铁有痕、踏石留印的劲头, 坚持雷厉风行和久久为功相结合, 把各项工作做实做细做好。
517 1  @a抓好落实的八大铁律@Azhua hao luo shi de ba da tie lu^
601 02 @a中国共产党@Azhong guo gong chan dang@x干部教育@j学习参考资料
690    @aD262.3@v5
701  0 @a路大虎@Alu da hu@4著
801  0 @aCN@bBJXHZP@c20230228
905    @b1381045-9@dD262.3@e1992@f5
    
    落实落实再落实:抓好落实的八大铁律/路大虎著.-北京:东方出版社,2019.08
    182页:图;24cm
    
    
    ISBN 978-7-5207-1117-3:CNY45.00
    本书针对党政机关的工作实际, 分别讲解增强落实本领的“四大基本认识”, 深挖落实不力的“六宗罪”, 总结狠抓落实的“八大铁律”, 旨在帮助广大党员干部在源头上找问题, 在实践中找突破, 在作风上求转变, 杜绝“伪落实”“选择性落实”“花拳绣腿式落实”, 以抓铁有痕、踏石留印的劲头, 坚持雷厉风行和久久为功相结合, 把各项工作做实做细做好。
●
相关链接 在E读中查询图书 在五车中查询图书 在当当中查询图书 在豆瓣中查询图书


正题名:落实落实再落实     索取号:D262.3/1992         预约/预借

序号 登录号 条形码 馆藏地/架位号 状态 备注
1 1381045   213810456   第一样本阅览室/ [索取号:D262.3/1992] 在馆    
2 1381046   213810465   第一借阅区/ [索取号:D262.3/1992] 在馆    
3 1381047   213810474   第一借阅区/ [索取号:D262.3/1992] 在馆    
4 1381048   213810483   第一借阅区/ [索取号:D262.3/1992] 在馆    
5 1381049   213810492   第一借阅区/ [索取号:D262.3/1992] 在馆    
唐山师范学院图书馆 欢迎您!
大连网信软件有限公司© 版权所有